[Event "DEM U12/U12w 2008"]
[Site "Willingen GER"]
[Date "2008.05.16"]
[Round "10"]
[White "Stolberg, Daniel"]
[Black "Groetzbach, Julian"]
[Result "1/2-1/2"]
[Termination "normal"]
[Board "29"]
[WhiteElo "1372"]
[BlackElo "1484"]
[PlyCount "66"]
[BlackFideId "24600938"]
[EventCountry "GER"]
[EventRounds "11"]
[EventType "swiss"]
[EventDate "2008.05.10"]

1. d4 Nf6 2. c4 g6 3. Nc3 Bg7 4. e4 d6 5. f3 O-O 6. Be3 Nbd7 7. Qd2 e5 8. d5
Nc5 9. Bxc5 dxc5 10. O-O-O Bd7 11. g4 h5 12. h3 c6 13. Nge2 cxd5 14. Nxd5 Be6
15. Nec3 Kh7 16. Kb1 Bh6 17. Nxf6+ Qxf6 18. Nd5 Qxf3 19. Bg2 Bxd2 20. Bxf3 Bh6
21. gxh5 Rac8 22. Bg4 gxh5 23. Bxh5 Bxd5 24. Rxd5 Rfd8 25. Bxf7 Rxd5 26. Bxd5
b6 27. Rf1 Bf4 28. Rg1 Rf8 29. Rg4 Be3 30. Rg2 Rf3 31. Be6 Rf8 32. a3 Re8 33.
Bd5 Rf8 1/2-1/2

[Event "DEM U12/U12w 2008"]
[Site "Willingen GER"]
[Date "2008.05.16"]
[Round "10"]
[White "Scheel, Henrik"]
[Black "Stanau, Guido"]
[Result "1/2-1/2"]
[Termination "normal"]
[Board "30"]
[WhiteElo "1481"]
[BlackElo "1333"]
[PlyCount "84"]
[WhiteFideId "24692115"]
[BlackFideId "24692255"]
[EventCountry "GER"]
[EventRounds "11"]
[EventType "swiss"]
[EventDate "2008.05.10"]

1. e4 d5 2. exd5 Qxd5 3. Nf3 a6 4. Nc3 Qd6 5. d3 Nf6 6. Be2 Bg4 7. Be3 e6 8.
O-O Be7 9. a3 c5 10. Re1 Nbd7 11. d4 O-O 12. dxc5 Qxd1 13. Raxd1 Nxc5 14. Bxc5
Bxc5 15. h3 Bf5 16. Bd3 Bxd3 17. Rxd3 Rac8 18. Ne4 Nxe4 19. Rxe4 Rfd8 20. Ne1
Be7 21. Rxd8+ Rxd8 22. Nd3 Rc8 23. Re2 Bf6 24. Kf1 Rc6 25. Ke1 Rb6 26. c3 Kf8
27. Kd1 Ke7 28. Nb4 Rd6+ 29. Kc2 a5 30. Nd3 b6 31. f4 Kd7 32. Re4 Rd5 33. Re3
h5 34. g4 hxg4 35. hxg4 g5 36. Rf3 gxf4 37. Rxf4 Ke7 38. Re4 Kd7 39. Rc4 Bg5
40. Re4 Kd8 41. Re2 Bf6 42. Re4 Kd7 1/2-1/2

[Event "DEM U12/U12w 2008"]
[Site "Willingen GER"]
[Date "2008.05.16"]
[Round "10"]
[White "Groetzbach, Daniel"]
[Black "Aslan, Dersim"]
[Result "1/2-1/2"]
[Termination "normal"]
[Board "32"]
[WhiteElo "1454"]
[BlackElo "1319"]
[PlyCount "51"]
[WhiteFideId "24692166"]
[BlackFideId "24692271"]
[EventCountry "GER"]
[EventRounds "11"]
[EventType "swiss"]
[EventDate "2008.05.10"]

1. e4 Nf6 2. Nc3 d6 3. Bc4 e5 4. d3 Be7 5. f4 Nc6 6. Nf3 Bg4 7. fxe5 Nxe5 8.
Bb3 Qd7 9. Bf4 Bxf3 10. gxf3 Ng6 11. Bg3 h5 12. Qe2 h4 13. Bf2 Nf4 14. Qf1 Qh3
15. Qxh3 Nxh3 16. Be3 g5 17. O-O-O Rh7 18. Nd5 Nxd5 19. Bxd5 c6 20. Bb3 Kd7 21.
Rd2 a6 22. Rg2 Rf8 23. c3 Kc7 24. Bc2 Rg7 25. f4 f6 26. f5 1/2-1/2

[Event "DEM U12/U12w 2008"]
[Site "Willingen GER"]
[Date "2008.05.16"]
[Round "10"]
[White "Bajorski, Maria Sophie"]
[Black "Helle, Samuel"]
[Result "0-1"]
[Termination "normal"]
[Board "34"]
[WhiteElo "1211"]
[BlackElo "1438"]
[PlyCount "92"]
[WhiteFideId "24654531"]
[BlackFideId "24692182"]
[EventCountry "GER"]
[EventRounds "11"]
[EventType "swiss"]
[EventDate "2008.05.10"]

1. e4 d5 2. exd5 Nf6 3. Nf3 Nxd5 4. d4 Bg4 5. c4 Nb6 6. h3 Bxf3 7. Qxf3 Nc6 8.
d5 Ne5 9. Qe4 Ned7 10. Bd3 Nc5 11. Qe2 c6 12. Nc3 Nxd3+ 13. Qxd3 e6 14. O-O
cxd5 15. cxd5 Nxd5 16. Qb5+ Qd7 17. Qxd7+ Kxd7 18. Rd1 Kc6 19. Nxd5 exd5 20.
Bg5 f6 21. Rac1+ Kd6 22. Bf4+ Ke6 23. Rc7 Rb8 24. g4 Bd6 25. Re1+ Be5 26. Rxg7
Kd6 27. Bxe5+ fxe5 28. f4 e4 29. Kf2 b6 30. Rxa7 Ra8 31. Rxa8 Rxa8 32. a3 Rc8
33. Re2 Re8 34. Ke3 Rc8 35. f5 Ke5 36. Rd2 Rc4 37. Rf2 d4+ 38. Ke2 e3 39. Rf1
Ke4 40. Re1 d3+ 41. Kf1 d2 42. f6 dxe1=Q+ 43. Kxe1 Kd3 44. Kf1 Rf4+ 45. Ke1 e2
46. f7 Rf1# 0-1

[Event "DEM U12/U12w 2008"]
[Site "Willingen GER"]
[Date "2008.05.16"]
[Round "10"]
[White "Bokemaer, David"]
[Black "Kühne, Niklas"]
[Result "1-0"]
[Termination "normal"]
[Board "35"]
[WhiteElo "1433"]
[BlackElo "1283"]
[PlyCount "29"]
[BlackFideId "24690015"]
[EventCountry "GER"]
[EventRounds "11"]
[EventType "swiss"]
[EventDate "2008.05.10"]

1. e4 c5 2. Nf3 Nc6 3. d4 cxd4 4. Nxd4 g6 5. Nc3 Bg7 6. Be3 Nf6 7. Bc4 Qa5 8.
Nxc6 dxc6 9. O-O O-O 10. Bb3 Rd8 11. Qf3 Qc7 12. h3 Bd7 13. Bf4 Qb6 14. e5 Ne8
15. Be3 1-0

[Event "DEM U12/U12w 2008"]
[Site "Willingen GER"]
[Date "2008.05.16"]
[Round "10"]
[White "Vonhoff, Nils"]
[Black "Lagunov, Elina"]
[Result "1-0"]
[Termination "normal"]
[Board "36"]
[WhiteElo "1282"]
[BlackElo "1431"]
[PlyCount "51"]
[WhiteFideId "24692301"]
[BlackFideId "4673387"]
[EventCountry "GER"]
[EventRounds "11"]
[EventType "swiss"]
[EventDate "2008.05.10"]

1. e4 e5 2. f4 d5 3. exd5 e4 4. d3 Nf6 5. Nc3 exd3 6. Bxd3 Nxd5 7. Bd2 Bc5 8.
Qe2+ Ne7 9. O-O-O O-O 10. Be3 Bxe3+ 11. Qxe3 Bd7 12. Nf3 Nbc6 13. Be4 Re8 14.
Qd3 Bg4 15. Bxh7+ Kh8 16. Qxd8 Raxd8 17. Rxd8 Rxd8 18. Be4 f5 19. Bxc6 Nxc6 20.
Ng5 Kg8 21. Ne6 Rc8 22. Nd5 Be2 23. Nexc7 Bc4 24. b3 Bxd5 25. Nxd5 Nd4 26. Ne7+
1-0

[Event "DEM U12/U12w 2008"]
[Site "Willingen GER"]
[Date "2008.05.16"]
[Round "10"]
[White "Stolcz, Bianca"]
[Black "Schreiber, Justina"]
[Result "1-0"]
[Termination "normal"]
[Board "37"]
[WhiteElo "1594"]
[BlackElo "1172"]
[PlyCount "113"]
[WhiteFideId "24654914"]
[BlackFideId "24661570"]
[EventCountry "GER"]
[EventRounds "11"]
[EventType "swiss"]
[EventDate "2008.05.10"]

1. e4 d5 2. exd5 Qxd5 3. Nc3 Qa5 4. Bc4 Nf6 5. d4 c6 6. Bd2 Bf5 7. Nf3 e6 8.
Qe2 Nbd7 9. O-O-O Qc7 10. h3 Bd6 11. Rhe1 O-O-O 12. Ne5 Bxe5 13. dxe5 Nd5 14.
f4 Nc5 15. Qf2 Qb6 16. Qe2 Nxc3 17. Bxc3 Na4 18. Bb3 Nxc3 19. bxc3 Rxd1+ 20.
Rxd1 Rd8 21. Rxd8+ Qxd8 22. g4 Bg6 23. Qf2 a6 24. Qc5 h6 25. a4 f6 26. Bxe6+
Kc7 27. Qa5+ b6 28. Qxa6 Qb8 29. exf6 gxf6 30. f5 Be8 31. Qc4 Kb7 32. Bf7 Bd7
33. Qd4 Bc8 34. Be6 c5 35. Qe4+ Ka6 36. Bxc8+ Qxc8 37. Qc4+ Ka7 38. Qf7+ Qb7
39. Qxb7+ Kxb7 40. h4 Kc7 41. c4 Kd6 42. Kd2 Ke5 43. Ke3 Kd6 44. Kf4 Ke7 45. g5
h5 46. gxf6+ Kxf6 47. c3 Kg7 48. Kg5 Kg8 49. Kxh5 Kg7 50. Kg5 Kf7 51. h5 Kg7
52. f6+ Kg8 53. h6 b5 54. Kg6 bxc4 55. f7+ Kf8 56. h7 Ke7 57. h8=Q 1-0

[Event "DEM U12/U12w 2008"]
[Site "Willingen GER"]
[Date "2008.05.16"]
[Round "10"]
[White "Spiegelberg, Silvia"]
[Black "Michels, Kim"]
[Result "1-0"]
[Termination "normal"]
[Board "38"]
[WhiteElo "1455"]
[BlackElo "926"]
[PlyCount "63"]
[WhiteFideId "24654450"]
[BlackFideId "24690066"]
[EventCountry "GER"]
[EventRounds "11"]
[EventType "swiss"]
[EventDate "2008.05.10"]

1. d4 f5 2. Nf3 Nf6 3. e3 g6 4. Bd3 Bg7 5. Nbd2 d5 6. O-O O-O 7. c3 Nc6 8. b3
Qe8 9. Re1 Qf7 10. Ng5 Qe8 11. c4 e5 12. Ba3 Ne7 13. dxe5 Ng4 14. f4 Bd7 15.
Rc1 Bc6 16. Ne6 Qd7 17. Nxf8 Bxf8 18. Bxe7 Bxe7 19. cxd5 Qxd5 20. Bc4 Rd8 21.
Bxd5+ Rxd5 22. h3 Bb4 23. Rc2 Nh6 24. a4 Rd3 25. Qe2 Rd5 26. Rd1 Ra5 27. Qc4+
Bd5 28. Qxb4 Ra6 29. Qxb7 Bxb7 30. Rxc7 Rb6 31. e6 a5 32. Nc4 1-0

[Event "DEM U12/U12w 2008"]
[Site "Willingen GER"]
[Date "2008.05.16"]
[Round "10"]
[White "Priese, Annika"]
[Black "Duchow, Julien"]
[Result "0-1"]
[Termination "normal"]
[Board "39"]
[WhiteElo "1256"]
[BlackElo "1303"]
[PlyCount "100"]
[WhiteFideId "24673730"]
[EventCountry "GER"]
[EventRounds "11"]
[EventType "swiss"]
[EventDate "2008.05.10"]

1. e4 c5 2. Nf3 Nc6 3. d4 cxd4 4. Nxd4 g6 5. Nc3 Bg7 6. Be3 Nf6 7. Bc4 O-O 8.
f3 Qb6 9. Bb3 Ng4 10. fxg4 Nxd4 11. Qd2 Nxb3 12. cxb3 Qb4 13. Qd3 d6 14. h3 Bd7
15. O-O Bc6 16. Qc4 Qxc4 17. bxc4 Bd7 18. Rfe1 Bxc3 19. bxc3 Rfc8 20. Bd4 e5
21. Be3 Rxc4 22. Bd2 Bc6 23. Re3 Rxe4 24. Rd3 d5 25. Rf1 Bb5 26. Rxd5 Bxf1 27.
Kxf1 Ra4 28. Rxe5 Rxa2 29. Bg5 Kg7 30. Re7 Rb2 31. c4 a5 32. Bf4 Rc2 33. Rc7
Rd8 34. Bg3 Rd1+ 35. Be1 Rcc1 36. Re7 Kf6 37. Re2 a4 38. Kf2 Rxe1 39. Rxe1 Rxe1
40. Kxe1 a3 41. Kd2 a2 42. Kd3 a1=Q 43. Ke4 Qc3 44. Kf4 Qxc4+ 45. Kg3 g5 46.
Kh2 Ke5 47. Kg3 Qd3+ 48. Kf2 Kf4 49. Ke1 Ke3 50. g3 Qe2# 0-1

[Event "DEM U12/U12w 2008"]
[Site "Willingen GER"]
[Date "2008.05.16"]
[Round "10"]
[White "Boberg, Tobias Marcel"]
[Black "Puffay, Jana"]
[Result "1-0"]
[Termination "normal"]
[Board "40"]
[WhiteElo "1283"]
[BlackElo "1047"]
[PlyCount "87"]
[WhiteFideId "24692298"]
[BlackFideId "24692360"]
[EventCountry "GER"]
[EventRounds "11"]
[EventType "swiss"]
[EventDate "2008.05.10"]

1. e4 e5 2. Nf3 Nc6 3. Bc4 Bc5 4. Nc3 d6 5. h3 Nf6 6. d3 h6 7. a3 a6 8. Nd5 O-O
9. O-O Nxd5 10. Bxd5 Be6 11. Bxc6 bxc6 12. b4 Bb6 13. a4 a5 14. b5 cxb5 15.
axb5 Bd7 16. c4 c6 17. bxc6 Bxc6 18. Ba3 Re8 19. Rb1 a4 20. Bxd6 Qxd6 21. Rxb6
Reb8 22. Rxb8+ Qxb8 23. Qb1 a3 24. Qxb8+ Rxb8 25. Ra1 Ra8 26. Nxe5 Bb7 27. c5
Rc8 28. d4 Bxe4 29. Rxa3 f6 30. Nd7 Rd8 31. f3 Bxf3 32. gxf3 Rxd7 33. c6 Rxd4
34. c7 Rc4 35. Ra8+ Kf7 36. c8=Q Rxc8 37. Rxc8 Kg6 38. Kg2 Kh5 39. Rg8 g6 40.
Rf8 f5 41. Kg3 Kg5 42. h4+ Kh5 43. f4 g5 44. Rxf5 1-0

[Event "DEM U12/U12w 2008"]
[Site "Willingen GER"]
[Date "2008.05.16"]
[Round "10"]
[White "Pührer, Anne"]
[Black "Rahimi, Anita"]
[Result "0-1"]
[Termination "normal"]
[Board "44"]
[WhiteElo "1369"]
[BlackElo "1172"]
[PlyCount "92"]
[WhiteFideId "24692247"]
[BlackFideId "24692336"]
[EventCountry "GER"]
[EventRounds "11"]
[EventType "swiss"]
[EventDate "2008.05.10"]

1. e4 c5 2. Nc3 d6 3. g3 e6 4. Bg2 Nc6 5. d3 Nf6 6. f4 Be7 7. Nf3 Bd7 8. O-O
O-O 9. h3 Rc8 10. Be3 h6 11. Qd2 a6 12. Rae1 Qc7 13. Nd1 b5 14. c3 Rce8 15. Bf2
Nh7 16. d4 c4 17. Ne3 Qc8 18. g4 Nf6 19. Qc2 Qc7 20. e5 dxe5 21. dxe5 Nh7 22.
h4 f6 23. Bg3 f5 24. g5 hxg5 25. hxg5 g6 26. Kf2 Qb6 27. Rh1 Bc5 28. b4 Bxe3+
29. Rxe3 Rd8 30. Qc1 Rfe8 31. Rh6 Kg7 32. Nh4 Rg8 33. Rxg6+ Kh8 34. Rh6 Kg7 35.
Rg6+ Kh8 36. Rxg8+ Kxg8 37. Kf1 Be8 38. Bf2 Qc7 39. Rg3 Nf8 40. Qe1 Rd7 41. Qe2
Qd8 42. Bxc6 Rd1+ 43. Kg2 Bxc6+ 44. Nf3 Rd2 45. Qe1 Qd3 46. Qe3 Qxe3 0-1

[Event "DEM U12/U12w 2008"]
[Site "Willingen GER"]
[Date "2008.05.16"]
[Round "10"]
[White "Hellwig, Immo"]
[Black "Fischer, Maxi"]
[Result "1-0"]
[Termination "normal"]
[Board "45"]
[WhiteElo "1278"]
[BlackElo "1026"]
[PlyCount "43"]
[BlackFideId "24692395"]
[EventCountry "GER"]
[EventRounds "11"]
[EventType "swiss"]
[EventDate "2008.05.10"]

1. e4 e5 2. Nf3 Nc6 3. Bc4 Bc5 4. O-O Nf6 5. d4 exd4 6. e5 Ne4 7. Re1 d5 8.
exd6 cxd6 9. Rxe4+ Ne7 10. Nxd4 d5 11. Bb5+ Bd7 12. Bxd7+ Qxd7 13. Re2 O-O-O
14. Bg5 f6 15. Bf4 Rdg8 16. Ne6 Bd6 17. Bxd6 Qxd6 18. c4 Qc6 19. cxd5 Nxd5 20.
Rc2 Nb4 21. Rxc6+ Nxc6 22. Qd6 1-0

[Event "DEM U12/U12w 2008"]
[Site "Willingen GER"]
[Date "2008.05.16"]
[Round "10"]
[White "Jermann, Isabel"]
[Black "Ludwig, Maria"]
[Result "1-0"]
[Termination "normal"]
[Board "46"]
[WhiteElo "1146"]
[BlackElo "866"]
[PlyCount "63"]
[BlackFideId "24655791"]
[EventCountry "GER"]
[EventRounds "11"]
[EventType "swiss"]
[EventDate "2008.05.10"]

1. d4 d5 2. Bf4 Nf6 3. e3 Bf5 4. Bd3 Bxd3 5. Qxd3 e6 6. Nf3 Be7 7. h3 c5 8. c3
Nc6 9. Nbd2 O-O 10. O-O Rc8 11. Rac1 a6 12. a4 cxd4 13. Nxd4 Nxd4 14. cxd4 Qd7
15. b3 b5 16. axb5 axb5 17. Nf3 Qa7 18. Qxb5 Qa3 19. Ra1 Qb4 20. Qxb4 Bxb4 21.
Ra4 Be7 22. Ra7 Bb4 23. Rb7 Rb8 24. Rxb8 Rxb8 25. Bxb8 Nd7 26. Ba7 h6 27. Rc1
Kh7 28. Rc7 Nf6 29. Rxf7 Kg8 30. Rb7 Bd6 31. Bb8 Ba3 32. b4 1-0

[Event "DEM U12/U12w 2008"]
[Site "Willingen GER"]
[Date "2008.05.17"]
[Round "11"]
[White "Blübaum, Matthias"]
[Black "Möhn, Hans"]
[Result "1/2-1/2"]
[Termination "normal"]
[Board "1"]
[WhiteElo "1912"]
[BlackElo "1825"]
[PlyCount "76"]
[WhiteFideId "24651516"]
[BlackFideId "24647837"]
[EventCountry "GER"]
[EventRounds "11"]
[EventType "swiss"]
[EventDate "2008.05.10"]

1. d4 Nf6 2. c4 g6 3. Nc3 Bg7 4. e4 d6 5. Nf3 O-O 6. Be2 e5 7. Be3 Ng4 8. Bg5
f6 9. Bc1 exd4 10. Nxd4 f5 11. exf5 Nxf2 12. Kxf2 Qh4+ 13. g3 Qxd4+ 14. Kg2
Rxf5 15. Bf3 Qxd1 16. Nxd1 Bd4 17. Be3 Bxe3 18. Nxe3 Re5 19. Nd5 Na6 20. Rae1
Kg7 21. Rxe5 dxe5 22. Re1 c6 23. Nc3 Be6 24. Rxe5 Kf6 25. Re4 Rd8 26. b3 Rd2+
27. Re2 Rxe2+ 28. Nxe2 Nb4 29. a3 Nc2 30. a4 Ne1+ 31. Kf2 Nxf3 32. Kxf3 Ke5 33.
Ke3 g5 34. Nd4 Bf7 35. Nf3+ Kf5 36. Nd4+ Ke5 37. Nf3+ Kf5 38. Nd4+ Ke5 1/2-1/2

[Event "DEM U12/U12w 2008"]
[Site "Willingen GER"]
[Date "2008.05.17"]
[Round "11"]
[White "Xu, Xianliang"]
[Black "Osmanodja, Filiz"]
[Result "0-1"]
[Termination "normal"]
[Board "2"]
[WhiteElo "1801"]
[BlackElo "1984"]
[PlyCount "120"]
[WhiteFideId "4603230"]
[BlackFideId "24633569"]
[EventCountry "GER"]
[EventRounds "11"]
[EventType "swiss"]
[EventDate "2008.05.10"]

1. b3 e5 2. Bb2 Nc6 3. e3 d5 4. Bb5 Bd6 5. f4 Qe7 6. Nf3 f6 7. Nc3 Be6 8. fxe5
fxe5 9. Qe2 e4 10. Nd4 Qh4+ 11. Qf2 Qxf2+ 12. Kxf2 Kd7 13. Bxc6+ bxc6 14. Nxe6
Kxe6 15. Ne2 Rf8+ 16. Ke1 Rf7 17. Nd4+ Kd7 18. Ke2 Nh6 19. Raf1 Rhf8 20. g3 Ng4
21. Rxf7+ Rxf7 22. Rf1 Rxf1 23. Kxf1 Be5 24. Bc3 Nxh2+ 25. Kg2 Ng4 26. Ne2 Bxc3
27. Nxc3 Ne5 28. Kf2 g5 29. Ne2 c5 30. Nc1 d4 31. a3 Ke6 32. b4 Nc4 33. exd4
cxd4 34. Nb3 e3+ 35. dxe3 dxe3+ 36. Ke2 Ke5 37. a4 h5 38. Nc1 h4 39. gxh4 gxh4
40. Kf3 Kd4 41. Ne2+ Ke5 42. Ng1 Na3 43. c3 Nc2 44. Ke2 Kf4 45. Kd3 Kg3 46.
Kxc2 Kf2 47. Nh3+ Kf1 48. Nf4 e2 49. Nxe2 Kxe2 50. c4 h3 51. c5 h2 52. b5 h1=Q
53. a5 Qd5 54. b6 Qxc5+ 55. Kb3 cxb6 56. axb6 axb6 57. Kb2 Kd2 58. Kb3 Qb5+ 59.
Ka3 Kc3 60. Ka2 Qb2# 0-1

[Event "DEM U12/U12w 2008"]
[Site "Willingen GER"]
[Date "2008.05.17"]
[Round "11"]
[White "Bauer, Andreas"]
[Black "Galkin, Wladislaw"]
[Result "1/2-1/2"]
[Termination "normal"]
[Board "4"]
[WhiteElo "1986"]
[BlackElo "1969"]
[PlyCount "57"]
[WhiteFideId "4625030"]
[BlackFideId "4603192"]
[EventCountry "GER"]
[EventRounds "11"]
[EventType "swiss"]
[EventDate "2008.05.10"]

1. d4 d5 2. Bf4 e6 3. e3 Bd6 4. Bg3 Qe7 5. f4 f5 6. Nd2 Nf6 7. Ngf3 Ne4 8. Bh4
Qf7 9. Ne5 Bxe5 10. fxe5 O-O 11. Be2 Nxd2 12. Qxd2 Bd7 13. O-O-O b6 14. Rhg1 c5
15. g4 f4 16. Rgf1 fxe3 17. Qxe3 cxd4 18. Rxd4 Qe8 19. Rdf4 Rxf4 20. Rxf4 Nc6
21. Bd3 Ne7 22. Bxe7 Qxe7 23. Qh3 h6 24. Qg3 Rf8 25. Kd1 Rxf4 26. Qxf4 Qg5 27.
Qg3 Qe7 28. c3 g5 29. Kd2 1/2-1/2

[Event "DEM U12/U12w 2008"]
[Site "Willingen GER"]
[Date "2008.05.17"]
[Round "11"]
[White "Niedermayer, Julian Andi"]
[Black "Svane, Rasmus"]
[Result "1/2-1/2"]
[Termination "normal"]
[Board "5"]
[WhiteElo "1739"]
[BlackElo "1911"]
[PlyCount "83"]
[WhiteFideId "24600792"]
[BlackFideId "4657101"]
[EventCountry "GER"]
[EventRounds "11"]
[EventType "swiss"]
[EventDate "2008.05.10"]

1. Nf3 c5 2. c4 Nc6 3. Nc3 e5 4. g3 g6 5. Bg2 Bg7 6. d3 d6 7. Rb1 Nge7 8. O-O
O-O 9. a3 a5 10. Bd2 h6 11. Ne1 Be6 12. Nc2 d5 13. cxd5 Nxd5 14. Nxd5 Bxd5 15.
b4 Bxg2 16. Kxg2 cxb4 17. axb4 a4 18. b5 Nd4 19. Nxd4 Qxd4 20. Rb4 Qd5+ 21. Kg1
a3 22. Qa1 Rfc8 23. Bc3 a2 24. Rc1 Rc5 25. Rc2 Rac8 26. Qb2 e4 27. d4 R5c7 28.
e3 b6 29. Ra4 Kh7 30. Kg2 g5 31. Rc1 Ra8 32. Rxa8 Qxa8 33. Ra1 Ra7 34. Qb3 Ra3
35. Qc2 Kh8 36. Bb4 Ra4 37. Qb3 Ra7 38. Kg1 Kg8 39. Kg2 Kh7 40. Kg1 Kg8 41. Kg2
Kh8 42. Kg1 1/2-1/2

[Event "DEM U12/U12w 2008"]
[Site "Willingen GER"]
[Date "2008.05.17"]
[Round "11"]
[White "Noe, Christopher"]
[Black "Rührmund, Daniel"]
[Result "1/2-1/2"]
[Termination "normal"]
[Board "6"]
[WhiteElo "1877"]
[BlackElo "1823"]
[PlyCount "51"]
[WhiteFideId "24692018"]
[BlackFideId "24674583"]
[EventCountry "GER"]
[EventRounds "11"]
[EventType "swiss"]
[EventDate "2008.05.10"]

1. e4 c5 2. c4 e6 3. Nc3 a6 4. g3 b6 5. Bg2 Bb7 6. Nge2 Be7 7. O-O d6 8. Re1
Nd7 9. f4 Qc7 10. d3 Ngf6 11. h3 O-O 12. Be3 Rfd8 13. Bf2 Rac8 14. Rc1 Qb8 15.
Kh2 Qa8 16. Ng1 Bf8 17. Qb3 Bc6 18. a4 Qb7 19. Rcd1 Rb8 20. Nge2 b5 21. axb5
axb5 22. cxb5 Bxb5 23. Nxb5 Qxb5 24. Qxb5 Rxb5 25. Rd2 Rdb8 26. Rb1 1/2-1/2

[Event "DEM U12/U12w 2008"]
[Site "Willingen GER"]
[Date "2008.05.17"]
[Round "11"]
[White "Azizi, Nassim"]
[Black "Lebeda, Timo"]
[Result "1-0"]
[Termination "normal"]
[Board "7"]
[WhiteElo "1643"]
[BlackElo "1889"]
[PlyCount "115"]
[WhiteFideId "4608119"]
[BlackFideId "4638565"]
[EventCountry "GER"]
[EventRounds "11"]
[EventType "swiss"]
[EventDate "2008.05.10"]

1. d4 d5 2. Nf3 Nf6 3. e3 c6 4. Bd3 g6 5. c4 Bg7 6. a3 O-O 7. O-O Nbd7 8. b4 a5
9. Bb2 Nb6 10. c5 Nc4 11. Bxc4 dxc4 12. Qc2 axb4 13. axb4 Rxa1 14. Bxa1 Be6 15.
Nbd2 b5 16. cxb6 Qxb6 17. Nxc4 Qxb4 18. Nce5 Rc8 19. Rc1 Bd5 20. Bc3 Qd6 21.
Bb2 Ne4 22. Nd3 Bf8 23. Nc5 Nxc5 24. dxc5 Qe6 25. Nd4 Qg4 26. f3 Qd7 27. e4 Be6
28. Nxe6 Qxe6 29. Qc3 f6 30. e5 Kf7 31. exf6 exf6 32. Re1 Qf5 33. Qc4+ Qd5 34.
Rc1 Qxc4 35. Rxc4 Rd8 36. Rc2 Rd5 37. Ba3 Ke6 38. Kf2 Rd3 39. Bb4 Rb3 40. Bd2
Kd5 41. Be3 Rb5 42. Rd2+ Kc4 43. Rc2+ Kd3 44. Rd2+ Kc3 45. Rd7 Bxc5 46. Bxc5
Rxc5 47. Rxh7 Re5 48. Rh6 Rg5 49. h4 Rh5 50. Rxh5 gxh5 51. g4 hxg4 52. fxg4 Kd4
53. h5 f5 54. g5 Ke5 55. h6 f4 56. h7 Kf5 57. h8=Q Kxg5 58. Qc3 1-0

[Event "DEM U12/U12w 2008"]
[Site "Willingen GER"]
[Date "2008.05.17"]
[Round "11"]
[White "Kyas, Philipp"]
[Black "Gibicar, Danijel"]
[Result "0-1"]
[Termination "normal"]
[Board "8"]
[WhiteElo "1816"]
[BlackElo "1662"]
[PlyCount "78"]
[WhiteFideId "24670936"]
[BlackFideId "24660256"]
[EventCountry "GER"]
[EventRounds "11"]
[EventType "swiss"]
[EventDate "2008.05.10"]

1. e4 e5 2. Bc4 Nf6 3. d3 d5 4. exd5 Nxd5 5. Qh5 Nc6 6. Bg5 Qd6 7. Nc3 Be6 8.
Nb5 Qd7 9. Nc3 Bb4 10. Bd2 Nd4 11. Rc1 O-O-O 12. Nxd5 Bxd2+ 13. Kxd2 Bxd5 14.
Bxd5 Qxd5 15. f3 g6 16. Qh3+ f5 17. Ne2 Qxa2 18. Nxd4 exd4 19. Rb1 Qa5+ 20. b4
Qe5 21. Qh6 Qd6 22. g3 Qc6 23. Qf4 Rhe8 24. Rb3 Re2+ 25. Kxe2 Qxc2+ 26. Kf1
Qxb3 27. Qd2 Re8 28. Kf2 Qe6 29. Ra1 Kb8 30. Ra2 Qd5 31. Rc2 Re3 32. Qd1 Qb3
33. Qc1 Qxd3 34. Rxc7 Qe2+ 35. Kg1 Qe1+ 36. Qxe1 Rxe1+ 37. Kf2 Kxc7 38. Kxe1
Kd6 39. Kd2 Kd5 0-1

[Event "DEM U12/U12w 2008"]
[Site "Willingen GER"]
[Date "2008.05.17"]
[Round "11"]
[White "Falter, Lennart"]
[Black "Abdelrazek, Ahmed"]
[Result "0-1"]
[Termination "normal"]
[Board "9"]
[WhiteElo "1587"]
[BlackElo "1673"]
[PlyCount "82"]
[WhiteFideId "24692077"]
[EventCountry "GER"]
[EventRounds "11"]
[EventType "swiss"]
[EventDate "2008.05.10"]

1. e4 e5 2. f4 Bc5 3. Nf3 d6 4. Nc3 Nc6 5. Na4 Bb6 6. Nxb6 axb6 7. Bc4 Nf6 8.
fxe5 dxe5 9. O-O Bg4 10. d3 Qd6 11. c3 O-O-O 12. Bg5 Rd7 13. b4 h6 14. Be3 g5
15. a4 Be6 16. Bb5 Ng4 17. Bf2 f5 18. Qc2 Nxf2 19. Qxf2 g4 20. Ne1 f4 21. a5
bxa5 22. Bxc6 Qxc6 23. Rxa5 b6 24. Rxe5 Re8 25. c4 Qd6 26. Qxf4 Qd4+ 27. Kh1
Rf7 28. Rxe6 Rxf4 29. Rxe8+ Kd7 30. Rxf4 Kxe8 31. g3 Qe3 32. Rf1 c6 33. Kg2
Qd2+ 34. Kg1 Qxb4 35. Ng2 Qc5+ 36. Kh1 Qd4 37. Nf4 b5 38. cxb5 cxb5 39. Ng6 Qd6
40. Nf4 b4 41. Rb1 Qd4 0-1

[Event "DEM U12/U12w 2008"]
[Site "Willingen GER"]
[Date "2008.05.17"]
[Round "11"]
[White "Takeuchi, Eiki"]
[Black "Nöttling, Dominik"]
[Result "1/2-1/2"]
[Termination "normal"]
[Board "10"]
[WhiteElo "1778"]
[BlackElo "1728"]
[PlyCount "106"]
[WhiteFideId "24663751"]
[BlackFideId "24672807"]
[EventCountry "GER"]
[EventRounds "11"]
[EventType "swiss"]
[EventDate "2008.05.10"]

1. e4 c5 2. c4 Nc6 3. Ne2 g6 4. d4 cxd4 5. Nxd4 Bg7 6. Be3 d6 7. Nc3 Nf6 8. Be2
O-O 9. O-O Bd7 10. f3 Qb6 11. Qd2 Nxe4 12. Nxc6 Nxd2 13. Nxe7+ Kh8 14. Bxb6
Nxf1 15. Bf2 Rae8 16. Ned5 Nd2 17. Rd1 Rxe2 18. Nxe2 Nxc4 19. b3 Ne5 20. Ndc3
Nc6 21. Rxd6 Bf5 22. Rd1 a6 23. Be3 Re8 24. Bc5 Rd8 25. Rxd8+ Nxd8 26. Bd4 Nc6
27. Bxg7+ Kxg7 28. Kf2 Kf6 29. Ke3 Ke5 30. Nd4 Nxd4 31. f4+ Kd6 32. Kxd4 h5 33.
g3 b5 34. a3 Bc2 35. b4 Bf5 36. Ne4+ Bxe4 37. Kxe4 Ke6 38. Kd4 Kd6 39. h3 f6
40. g4 h4 41. Ke4 Ke7 42. Kd5 Kd7 43. Ke4 Ke7 44. g5 fxg5 45. fxg5 Ke6 46. Kf4
Kd5 47. Kg4 Ke4 48. Kxh4 Kf3 49. a4 bxa4 50. b5 a3 51. bxa6 a2 52. a7 a1=Q 53.
a8=Q+ Qxa8 1/2-1/2

[Event "DEM U12/U12w 2008"]
[Site "Willingen GER"]
[Date "2008.05.17"]
[Round "11"]
[White "Stahnecker, Ludwig"]
[Black "Schnorr, Christian"]
[Result "1/2-1/2"]
[Termination "normal"]
[Board "11"]
[WhiteElo "1694"]
[BlackElo "1650"]
[PlyCount "42"]
[WhiteFideId "24692026"]
[EventCountry "GER"]
[EventRounds "11"]
[EventType "swiss"]
[EventDate "2008.05.10"]

1. e4 c5 2. Nf3 Nc6 3. d4 cxd4 4. Nxd4 e5 5. Nb5 d6 6. c4 Be7 7. N1c3 a6 8. Na3
Be6 9. Nc2 Bg5 10. Bd3 Bxc1 11. Rxc1 Qg5 12. Ne3 Nf6 13. O-O O-O 14. Kh1 Nd4
15. Ne2 Nxe2 16. Qxe2 Ng4 17. Nxg4 Qxg4 18. Qd2 Rad8 19. f3 Qh4 20. b4 Qe7 21.
Qb2 f6 1/2-1/2